000 00434nam a2200181Ia 4500
003 GCL
008 140319s9999 xx 000 0 eng d
040 _aGCL /
_cGCL
082 0 4 _a823
_bD H
100 1 _aDICKENS, CHARLES
245 1 0 _aHARD TIMES /
_cDICKENS, CHARLES
260 _a[S.N] :
_bLONGMAN ،
_c1995
300 _a345 P
650 0 4 _aENGLISH LITERATURE
650 0 4 _aLITERATURE
650 0 4 _aFICTION
942 _2ddc
_cBK
999 _c23946
_d23946